Organisational behaviour: an interactive learning approach text and cases (Record no. 120299)

MARC details
000 -LEADER
fixed length control field 00814nam a2200325Ia 4500
008 - FIXED-LENGTH DATA ELEMENTS--GENERAL INFORMATION
fixed length control field 210210b2010 xxu||||| |||| 00| 0 eng d
020 ## - INTERNATIONAL STANDARD BOOK NUMBER
International Standard Book Number 9788179929964
041 ## - LANGUAGE CODE
Language code of text/sound track or separate title eng
082 ## - DEWEY DECIMAL CLASSIFICATION NUMBER
Classification number 658.4 VELO
100 ## - MAIN ENTRY--PERSONAL NAME
Personal name VELURI (Sarma V S)
245 ## - TITLE STATEMENT
Title Organisational behaviour: an interactive learning approach text and cases
Remainder of title Includes CD with case studies
260 ## - PUBLICATION, DISTRIBUTION, ETC.
Place of publication, distribution, etc. Ahmedabad
Name of publisher, distributor, etc. Jaico Publishing House
Date of publication, distribution, etc. 2010
300 ## - PHYSICAL DESCRIPTION
Extent xvi,608
650 ## - SUBJECT ADDED ENTRY--TOPICAL TERM
Topical term or geographic name entry element with
650 ## - SUBJECT ADDED ENTRY--TOPICAL TERM
Topical term or geographic name entry element text
650 ## - SUBJECT ADDED ENTRY--TOPICAL TERM
Topical term or geographic name entry element studies
650 ## - SUBJECT ADDED ENTRY--TOPICAL TERM
Topical term or geographic name entry element Organisational
650 ## - SUBJECT ADDED ENTRY--TOPICAL TERM
Topical term or geographic name entry element learning
650 ## - SUBJECT ADDED ENTRY--TOPICAL TERM
Topical term or geographic name entry element interactive
650 ## - SUBJECT ADDED ENTRY--TOPICAL TERM
Topical term or geographic name entry element Includes
650 ## - SUBJECT ADDED ENTRY--TOPICAL TERM
Topical term or geographic name entry element CD
650 ## - SUBJECT ADDED ENTRY--TOPICAL TERM
Topical term or geographic name entry element cases
650 ## - SUBJECT ADDED ENTRY--TOPICAL TERM
Topical term or geographic name entry element case
650 ## - SUBJECT ADDED ENTRY--TOPICAL TERM
Topical term or geographic name entry element behaviour:
650 ## - SUBJECT ADDED ENTRY--TOPICAL TERM
Topical term or geographic name entry element approach
650 ## - SUBJECT ADDED ENTRY--TOPICAL TERM
Topical term or geographic name entry element and
650 ## - SUBJECT ADDED ENTRY--TOPICAL TERM
Topical term or geographic name entry element an
690 ## - LOCAL SUBJECT ADDED ENTRY--TOPICAL TERM (OCLC, RLIN)
Topical term or geographic name as entry element Organisational Behaviour
906 ## - LOCAL DATA ELEMENT F, LDF (RLIN)
a 070800
Holdings
Withdrawn status Lost status Damaged status Not for loan Collection code Home library Current library Shelving location Date acquired Source of acquisition Cost, normal purchase price Total Checkouts Full call number Barcode Date last seen Date last checked out Price effective from Koha item type
          St Aloysius Library St Aloysius Library   02/17/2021 Biblios Book Point, Surathkal-575014 475.00 1 658.4 VELO 070801 10/24/2024 08/10/2024 02/17/2021 Book
          St Aloysius Library St Aloysius Library   02/17/2021 Biblios Book Point, Surathkal-575014 475.00   658.4 VELO 070800 02/17/2021   02/17/2021 Book